000 00373 a2200157 4500
001 164257
020 _a
040 _cMagnum
100 _a-
240 1 0 _aConte outra vez: cinderela/as flores da pequena ida
_lpor
245 1 0 _aConte outra vez: cinderela/as flores da pequena ida
362 0 _a1899
440 1 _aGlobo
697 _aIJ/FADAS, FANTASIA
942 _cBK
999 _c164257
_d164257